000 01155nam a2200253Ia 4500
001 18113
003 GE_BSU
008 181216s||||||||xx |||||||||||||| ||und||
020 _aISSN 15120953
040 _cGE_BSU
080 _a811.353.1(063)94(=353.1)(560)
245 _aქართველური მემკვიდრეობა. XI
245 _cმთავ. რედ. ტ.ფუტკარაძე.
250 _aაკაკი წერეთლის სახელობის სახ. უნ-ტი
260 _aქუთაისი
260 _bქუთაისი სახ-ფო უნ-ტი
260 _c2007
300 _a431გვ.24სმ.
520 _aეძღვნება სტამბოლის ქართულ სავანეში პირველი წიგნის გამოცემიდან 130 წლისთავს.
541 _h12ლ.
653 _aქართველი ენათმეცნიერიური დიალექტოლოგია
653 _aქართველური მემკვიდრეობა. XI
942 _cBK
999 _c51154
_d51154